Tabella delle preci quotidiane per uso del seminario solmonese
Gespeichert in:
| 1. Verfasser: | |
|---|---|
| Format: | Buch |
| Sprache: | Italienisch |
| Erschienen: |
L'Aquila :
Rietelliana tipografia,
1824
|
| Katalog: | EDISCO: Suchergebnis im Bibliothekskatalog |
| Schulbuchspezifische Eigenschaften: |
|
| Schlagworte: | |
| Tags: |
Tag hinzufügen
Keine Tags, Fügen Sie den ersten Tag hinzu!
|
| Hinzugefügt zu: | 30.04.2016 |
| Geändert in: | 15.11.2017 |
MARC
| LEADER | 00000aam a22000005 4500 | ||
|---|---|---|---|
| 001 | 00022 | ||
| 003 | OSt | ||
| 005 | 20171115174403.0 | ||
| 008 | 160501s1824 it 000 0 ita | ||
| 999 | |c 23 |d 23 | ||
| 040 | |c Antonio Parlati - L'Acquila | ||
| 041 | 1 | |a ita | |
| 100 | |a Tiberi, Francesco Felice |9 106 |e Author | ||
| 245 | 0 | 0 | |a Tabella delle preci quotidiane per uso del seminario solmonese / |c ordinata dall'illustrissimo e reverendissimo monsignore D. Francesco Felice de' Conti Tiberii Vescovo di Valva e Solmona |
| 260 | |a L'Aquila : |b Rietelliana tipografia, |c 1824 | ||
| 300 | |a 24 p., 1/1 ; |c in 8° | ||
| 546 | |a ita | ||
| 650 | 4 | |a Religione |9 18 | |
| 655 | |a Eserciziario |9 36 | ||
| 690 | |a Educazione degli adulti |9 33 | ||
| 901 | |a 5 | ||
| 942 | |2 ddc |c BK | ||
| 999 | |c edisco:23 |d 23 | ||